Bosnia 2026 World Cup Squad - Statistics

General Stats
  • This quiz has been taken 8 times
  • The average score is 18 of 27
Answer Stats
Hint Answer % Correct
FW Edin Dzeko
100%
FW Esmir Bajraktarevic
100%
DF Amar Dedic
88%
FW Haris Tabakovic
88%
MF Benjamin Tahirovic
75%
FW Kerim Alajbegovic
75%
DF Nikola Katic
75%
GK Nikola Vasilj
75%
DF Sead Kolasinac
75%
MF Amar Memic
63%
MF Armin Gigovic
63%
FW Ermedin Demirovic
63%
MF Ermin Mahmic
63%
GK Martin Zlomislic
63%
DF Nidal Celik
63%
Sergej Barbarez
63%
DF Stjepan Radeljic
63%
DF Tarik Muharemovic
63%
MF Amir Hadziahmetovic
50%
DF Dennis Hadzikadunic
50%
MF Dzenis Burnic
50%
MF Ivan Basic
50%
MF Ivan Sunjic
50%
FW Jovo Lukic
50%
DF Nihad Mujakic
50%
GK Osman Hadzikic
50%
FW Samed Bazdar
50%
No matching quizzes found
Score Distribution
Percent of People with Each Score
Percentile by Number Answered
Your Score History
You have not taken this quiz